000 00646nam a2200181Ia 4500
008 090124s9999 xx 000 0 und d
082 _b14031
_a236
100 _aशेखर (देशपांडे शंकर हरी )
245 _a ज्योतिष कौस्तुभ
250 _a1
260 _c1964
300 _a224+46+32
600 _aशेखर (देशपांडे शंकर हरी )
630 _a ज्योतिष कौस्तुभ
700 _aशेखर (देशपांडे शंकर हरी )
730 _a ज्योतिष कौस्तुभ
942 _cBOOK
999 _c127971
_d127971